Advances in production management systems : production management systems in the eighties : proceedings of the IFIP WG 5.7 Working Conference on Advances in Production Management Systems, APMS "82", Bordeaux, France, 24-27 August 1982

Αποθηκεύτηκε σε:
Λεπτομέρειες βιβλιογραφικής εγγραφής
Συλλογικό Έργο: IFIP WG 5.7 Working Conference on Advances in Production Management Systems Bordeaux, France, International Federation for Information Processing
Άλλοι συγγραφείς: Doumeingts, Guy (Επιμελητής έκδοσης), Carter, William A., 1938- (Επιμελητής έκδοσης)
Μορφή: Πρακτικό Συνεδρίου Βιβλίο
Γλώσσα:English
Δημοσίευση: Amsterdam ; New York : New York : North-Holland ; sole distributors for the U.S.A. and Canada, Elsevier Science Pub. Co., c1984.
Θέματα:
Ετικέτες: Προσθήκη ετικέτας
Δεν υπάρχουν, Καταχωρήστε ετικέτα πρώτοι!

MARC

LEADER 00000cam a2200000 i 4500
001 1/34195
008 960304s1984 ne | ||| |||| ||eng||
020 |a 0444868275 
035 |l 10024071 
040 |a GR-MyUa  |b gre  |e AACR2 
041 0 |a eng 
082 7 |a 685.5   |2 (19) 
111 2 |a IFIP WG 5.7 Working Conference on Advances in Production Management Systems   |d (1982 :   |c Bordeaux, France) 
245 1 0 |a Advances in production management systems :   |b production management systems in the eighties : proceedings of the IFIP WG 5.7 Working Conference on Advances in Production Management Systems, APMS "82", Bordeaux, France, 24-27 August 1982 /   |c edited by Guy Doumeingts and William A. Carter. 
260 |a Amsterdam ;   |a New York :   |b North-Holland ;   |a New York :   |b sole distributors for the U.S.A. and Canada, Elsevier Science Pub. Co.,   |c c1984. 
300 |a xiii, 526 σ. :   |b εικ. ;   |c 23 εκ. 
504 |a Περιλαμβάνει βιβλιογραφικές παραπομπές. 
650 0 |a Production management  |x Data processing  |x Congresses. 
700 1 |a Doumeingts, Guy,  |e edt 
700 1 |a Carter, William A.,   |d 1938-  |e edt 
710 2 |a International Federation for Information Processing. 
852 |a INST  |b CHIOS  |e 19960304  |h 685.5 ADV  |p 005200006316  |q 005200006316  |t BK  |y 0